| 000 | 01618cam a22003377a 4500 | ||
|---|---|---|---|
| 001 | 16548850 | ||
| 003 | NUST-PNEC | ||
| 005 | 20170116180742.0 | ||
| 008 | 101122s2011 nyua e b 001 0 eng | ||
| 010 | _a 2010941614 | ||
| 020 | _a9780071762755 | ||
| 020 | _a0071762752 | ||
| 035 | _a(OCoLC)ocn745216368 | ||
| 040 |
_aAU@ _beng _cPNEC |
||
| 042 | _alccopycat | ||
| 050 | 0 | 0 |
_aBJ1012 _b.N49 2011 |
| 082 | 0 | 4 |
_a170 NEW _222 |
| 100 | 1 | _aNewman, Micah. | |
| 245 | 1 | 0 |
_aEthics demystified : hard stuff made easy _cMicah Newman. |
| 260 |
_aNew York : _bMcGraw-Hill, _cc2011. |
||
| 300 |
_axii, 320 p. : _bill. ; _c24 cm. |
||
| 490 | 1 | _aDemystified series | |
| 504 | _aIncludes bibliographical references and index. | ||
| 505 | 0 | _aPart 1: What philosophy is and how to do it. Philosophy: the intellectual pursuit and social activity -- Logic and arguments in philosophy -- Part 2: Ethical theory. Value theory: what really matters? -- Normative ethics: what makes actions right or wrong? -- Metaethic: what kinds of things are moral judgments? -- Part 3: Applied ethics. Civil liberties -- Abortion -- Capital punishment -- Torture -- Euthanasia -- Animal rights -- Poverty and affluence -- Affirmative action -- Business ethics. | |
| 650 | 0 |
_aEthics. _xMIS |
|
| 830 | 0 | _aMcGraw-Hill "Demystified" series. | |
| 856 | _uhttp://www.amazon.com/Ethics-DeMYSTiFieD-Hard-Stuff-Made/dp/0071762752/ref=sr_1_1?s=books&ie=UTF8&qid=1420440823&sr=1-1&keywords=0071762752 | ||
| 906 |
_a7 _bcbc _ccopycat _d2 _encip _f20 _gy-gencatlg |
||
| 942 |
_2ddc _cBK |
||
| 999 |
_c62237 _d62237 |
||